| 000 | 00458nam a2200157 i 4500 | ||
|---|---|---|---|
| 001 | 63844 | ||
| 003 | ES-MaACL | ||
| 005 | 20230906165001.0 | ||
| 007 | t| | ||
| 008 | 031217s1970 an ||||1| cat d | ||
| 100 | 1 |
_aFiguerola y Sants, Ricardo. _950812 |
|
| 245 | 1 | 0 |
_aVida i miracles de la petite empresa / _cRicard Figuerola y Sants. |
| 260 |
_aAndorra la Vella : _bAndorra, _c[1970] |
||
| 300 |
_a201 p. ; _c19 cm. |
||
| 852 |
_aES-MaACL _jC-46456 _bR.75105 |
||
| 999 |
_c63844 _d63844 |
||